Pays ayant remporté Miss Univers - Mort Subite - Statistiques

Statistiques générales
  • Ce quiz a été pris 322 fois
    321 depuis la dernière actualisation
  • Le résultat moyen est 9 sur 21
Answers on the Grid
Answers color-coded by a green-red scale on the quiz's grid according to % correct below.
France
États-Unis
Suède
Canada
Nicaragua
Afrique du Sud
Inde
Angola
Thaïlande
Australie
Allemagne
Venezuela
République Dominicaine
Danemark
Liban
Brésil
Japon
Botswana
Grèce
Mexique
Espagne
Vietnam
Chine
Belgique
Albanie
Royaume-Uni
Bolivie
Émirats Arabes Unis
Nigeria
Portugal
Indonésie
Pologne
 
Statistiques - réponses
Réponse % Correct
France
81%
États-Unis
74%
Mexique
64%
Venezuela
58%
Nicaragua
55%
Thaïlande
52%
Afrique du Sud
50%
Brésil
50%
Danemark
50%
Inde
48%
Australie
43%
Canada
42%
Japon
41%
République Dominicaine
39%
Angola
38%
Suède
31%
Botswana
29%
Espagne
28%
Allemagne
26%
Grèce
19%
Liban
15%
Aucun quiz correspondant
Distribution des résultats
% des personnes avec chaque résultat
Percentile par nombre de réponses
Votre historique - résultats
Vous n’avez pas pris ce quiz depuis la dernière actualisation